Statistics for Name Four Countries that...

Click here to take the quiz!

General Stats

  • This quiz has been taken 157 times
  • The average score is 18 of 20

Answer Stats

Answer% Correct
South Korea
99%
North Korea
98%
China
97%
United States of America
96%
Vietnam
96%
India
95%
Laos
95%
Venezuela
95%
Guinea
94%
Papua New Guinea
94%
Cambodia
93%
South Sudan
92%
Myanmar (Burma)
91%
Vanuatu
89%
Guinea-Bissau
88%
Vatican City
88%
Malaysia
87%
Indonesia
86%
Equatorial Guinea
85%
South Africa
84%

Score Distribution

Percentile by Number Answered

Percent of People with Each Score

Your Score History

You have not taken this quiz